000 00917nam a22002537a 4500
005 20110923165942.0
008 110923t xxu||||| |||| 00| 0 eng d
010 _aENG-103853
020 _c45.00
_a9788172089719
035 _aEN-87386
037 _bDBAD/PUB
040 _aDPL
_bEng
082 _a230.35
100 _934818
245 _aSathya Sai Baba God in action :
_btalks by prof. N.Kasturi /
_cedited and compiled by H.M.Shivaram
260 _aPrasanthi Nilayam
_bSri Sathya Sai Sadhana Trust
_c2011
270 _aPrasanthi Nilayam
_bA.P.
_e515134
_k08555-287375
_l287236
_menquiry@sssbpt.org
300 _a256p.
_c22cm (pbk)
650 _934827
651 _934820
700 _934830
_aShivaram,H.M.
942 _2ddc
_cEN
_mSAT
_h230.35
999 _c57049
_d57049